[Event "FIDE World Bl Team Pool D"]
[Site "London ENG"]
[Date "2025.06.14"]
[Round "10.5"]
[White "Kabugu, Njagi"]
[Black "Derlich, Sarah Sima"]
[Result "0-1"]
[BlackTitle "WCM"]
[WhiteElo "1682"]
[BlackElo "1926"]
[WhiteTeam "Equity Bank, Kenya"]
[BlackTeam "Danish Futures"]
[WhiteFideId "10806075"]
[BlackFideId "1469290"]
[EventDate "2025.06.14"]
[EventType "team"]

1. e4 c5 2. d3 d6 3. Be3 Nf6 4. h3 g6 5. Nc3 Bg7 6. Qd2 Nc6 7. Bh6 O-O 8. Bxg7
Kxg7 9. Nge2 Nd4 10. g4 Nf3+ 11. Kd1 Nxd2 12. Kxd2 d5 13. e5 Nd7 14. f4 Nb6 15.
Rg1 d4 16. Ne4 c4 17. Bg2 cxd3 18. cxd3 Be6 19. N2g3 Nd5 20. f5 Bd7 21. Ng5 Qa5+
22. Kd1 Ne3+ 23. Ke2 Rac8 24. f6+ exf6 25. exf6+ Kg8 26. Nf5 Rc2+ 27. Kf3 gxf5
28. gxf5 Qxf5+ 29. Kg3 Qxg5+ 30. Kh2 Rxg2+ 31. Kh1 Qg3 0-1

[Event "FIDE World Bl Team Pool D"]
[Site "London ENG"]
[Date "2025.06.14"]
[Round "10.6"]
[White "Andries, Leia"]
[Black "Mutisya, Jully"]
[Result "0-1"]
[BlackTitle "WCM"]
[WhiteElo "1830"]
[BlackElo "1822"]
[WhiteTeam "Danish Futures"]
[BlackTeam "Equity Bank, Kenya"]
[WhiteFideId "1469207"]
[BlackFideId "10814922"]
[EventDate "2025.06.14"]
[EventType "team"]

1. e4 d6 2. d4 g6 3. Nc3 Bg7 4. f4 Nf6 5. Nf3 O-O 6. Bd3 c5 7. dxc5 Qa5 8. Bd2
Qxc5 9. Qe2 Nc6 10. a3 Bg4 11. Be3 Qa5 12. O-O Nd7 13. Bd2 Nd4 14. Qf2 Bxf3 15.
gxf3 Qh5 16. Be3 Ne6 17. Nd5 Rfe8 18. Rab1 Rac8 19. Bxa7 Bh6 20. Be3 Ndc5 21.
Kh1 Nxd3 22. cxd3 Nc5 23. Nb4 Ne6 24. Nd5 Nc5 25. Bxc5 Rxc5 26. Rbc1 b6 27. Rxc5
bxc5 28. Rg1 Rb8 29. Nxe7+ Kf8 30. Nd5 Bg7 31. Rg5 Qh6 32. Rg1 Bd4 33. Qc2 Rxb2
34. Qa4 Qxh2# 0-1

[Event "FIDE World Bl Team Pool D"]
[Site "London ENG"]
[Date "2025.06.14"]
[Round "10.1"]
[White "Grahn, Vidar"]
[Black "Erigaisi, Arjun"]
[Result "0-1"]
[WhiteTitle "FM"]
[BlackTitle "GM"]
[WhiteElo "2239"]
[BlackElo "2782"]
[WhiteTeam "Uppsala SSS"]
[BlackTeam "Team MGD1"]
[WhiteFideId "1744780"]
[BlackFideId "35009192"]
[EventDate "2025.06.14"]
[EventType "team"]

1. d4 e6 2. c4 c5 3. d5 exd5 4. cxd5 d6 5. Nc3 a6 6. a4 g6 7. g3 Bg7 8. Bg2 Ne7
9. Nh3 O-O 10. O-O Nd7 11. Nf4 Ne5 12. a5 Nf5 13. e3 Bd7 14. Qb3 Rb8 15. Ne4 Re8
16. h3 Qc7 17. Qb6 Qxb6 18. axb6 Nc4 19. Rb1 Bb5 20. b3 Nxb6 21. Rd1 Rbd8 22.
Bb2 Bxb2 23. Rxb2 Kg7 24. Nc3 Bd7 25. b4 Nc4 26. Rbb1 b5 27. bxc5 dxc5 28. Nd3
Rc8 29. e4 Nfd6 30. Re1 b4 31. Nd1 Nd2 32. Rb2 N2xe4 33. Rbe2 Bb5 34. Re3 Bxd3
35. Rxd3 c4 36. Rde3 c3 37. Bxe4 Rxe4 38. Rxe4 Nxe4 39. Ne3 b3 40. d6 Nxd6 0-1

[Event "FIDE World Bl Team Pool D"]
[Site "London ENG"]
[Date "2025.06.14"]
[Round "10.2"]
[White "Harikrishna, Pentala"]
[Black "Frank, Anton"]
[Result "1-0"]
[WhiteTitle "GM"]
[BlackTitle "CM"]
[WhiteElo "2707"]
[BlackElo "2183"]
[WhiteTeam "Team MGD1"]
[BlackTeam "Uppsala SSS"]
[WhiteFideId "5007003"]
[BlackFideId "1752383"]
[EventDate "2025.06.14"]
[EventType "team"]

1. e4 e5 2. Nf3 Nc6 3. Bb5 Nf6 4. d3 Bc5 5. c3 d5 6. Nbd2 dxe4 7. dxe4 O-O 8.
O-O a5 9. a4 Qe7 10. Qe2 Nb8 11. Nb3 Bb6 12. Bg5 c6 13. Bc4 h6 14. Bh4 Bc7 15.
Rad1 Na6 16. h3 Be6 17. Rd2 Rfd8 18. Rxd8+ Bxd8 19. Nxe5 Bxc4 20. Nxc4 Qxe4 21.
Qxe4 Nxe4 22. Bxd8 Rxd8 23. Nbxa5 Nac5 24. Ra1 Rd7 25. f3 Nf6 26. b4 Ne6 27. Nb6
Re7 28. Re1 Rc7 29. Nac4 Nd5 30. Nxd5 cxd5 31. Nb6 d4 32. c4 Nf4 33. Rd1 d3 34.
g3 Ne2+ 35. Kf2 Nd4 36. Rxd3 Nc6 37. Rb3 Ne5 38. c5 Kf8 39. f4 Nc6 40. a5 Nd4
41. Rd3 Nb5 42. Rd8+ Ke7 43. Rg8 g6 44. Nd5+ 1-0

[Event "FIDE World Bl Team Pool D"]
[Site "London ENG"]
[Date "2025.06.14"]
[Round "10.3"]
[White "Strom-Engdahl, Alexander"]
[Black "Anton Guijarro, David"]
[Result "0-1"]
[WhiteTitle "FM"]
[BlackTitle "GM"]
[WhiteElo "2320"]
[BlackElo "2642"]
[WhiteTeam "Uppsala SSS"]
[BlackTeam "Team MGD1"]
[WhiteFideId "1741586"]
[BlackFideId "2285525"]
[EventDate "2025.06.14"]
[EventType "team"]

1. Nf3 d5 2. b3 Nc6 3. d4 Bf5 4. e3 e6 5. Bb2 Nf6 6. Bd3 Bxd3 7. Qxd3 Ne4 8. a3
f5 9. c4 Be7 10. Nc3 a6 11. cxd5 exd5 12. Ne5 Nxe5 13. dxe5 c6 14. Nxe4 fxe4 15.
Qc3 O-O 16. O-O Qe8 17. f4 exf3 18. gxf3 Rd8 19. Kh1 c5 20. Rad1 Kh8 21. f4 Qc6
22. Qd3 c4 23. Qe2 d4+ 24. e4 d3 25. Qg2 c3 26. Bc1 d2 27. Rg1 g6 28. Bxd2 Rxd2
29. Rxd2 cxd2 30. f5 Rd8 31. Rd1 gxf5 32. Rg1 Qxe4 0-1

[Event "FIDE World Bl Team Pool D"]
[Site "London ENG"]
[Date "2025.06.14"]
[Round "10.4"]
[White "Mendonca, Leon Luke"]
[Black "Nilsson, Oliver"]
[Result "1-0"]
[WhiteTitle "GM"]
[WhiteElo "2603"]
[BlackElo "2129"]
[WhiteTeam "Team MGD1"]
[BlackTeam "Uppsala SSS"]
[WhiteFideId "35028561"]
[BlackFideId "1730177"]
[EventDate "2025.06.14"]
[EventType "team"]

1. Nf3 Nf6 2. d4 g6 3. e3 Bg7 4. Be2 O-O 5. O-O d5 6. b4 c6 7. Bb2 Bf5 8. c4
Nbd7 9. Nc3 Re8 10. Qb3 e6 11. a4 a5 12. b5 c5 13. cxd5 cxd4 14. Nxd4 Nc5 15.
Qa3 Bf8 16. Qa2 Nxd5 17. Nxd5 exd5 18. Nxf5 gxf5 19. Rad1 Qh4 20. Qxd5 Re6 21.
Qxf5 Rg6 22. Bf3 Qxa4 23. Bh5 Qxb5 24. Bxg6 hxg6 25. Qe5 f6 26. Qxf6 Ne4 27.
Qxg6+ 1-0

[Event "FIDE World Bl Team Pool D"]
[Site "London ENG"]
[Date "2025.06.14"]
[Round "10.5"]
[White "Ostensson, Julia"]
[Black "Tsolakidou, Stavroula"]
[Result "0-1"]
[BlackTitle "IM"]
[WhiteElo "1996"]
[BlackElo "2428"]
[WhiteTeam "Uppsala SSS"]
[BlackTeam "Team MGD1"]
[WhiteFideId "1747703"]
[BlackFideId "4264312"]
[EventDate "2025.06.14"]
[EventType "team"]

1. d4 Nf6 2. c4 g6 3. Nf3 Bg7 4. e3 O-O 5. Be2 d6 6. O-O Nbd7 7. b4 e5 8. Bb2 e4
9. Nfd2 Re8 10. Nc3 h5 11. Qc2 Qe7 12. Nb5 Nf8 13. d5 a6 14. Nd4 N8h7 15. Kh1 h4
16. f3 exf3 17. Bxf3 Qxe3 18. h3 Ng5 19. Rae1 Qxe1 20. Rxe1 Rxe1+ 21. Kh2 Nxd5
22. Ne2 Ne3 23. Qb3 Nxf3+ 24. Nxf3 Rxe2 25. Bxg7 Kxg7 26. Qd3 Nf1+ 27. Kg1 Ng3
28. Qd4+ f6 29. Qd3 0-1

[Event "FIDE World Bl Team Pool D"]
[Site "London ENG"]
[Date "2025.06.14"]
[Round "10.6"]
[White "Atharvaa P Tayade"]
[Black "Letoret, Tim"]
[Result "1-0"]
[WhiteElo "1956"]
[BlackElo "1907"]
[WhiteTeam "Team MGD1"]
[BlackTeam "Uppsala SSS"]
[WhiteFideId "25042955"]
[BlackFideId "269638"]
[EventDate "2025.06.14"]
[EventType "team"]

1. e4 e6 2. d4 d5 3. Nd2 c5 4. exd5 exd5 5. Ngf3 Nc6 6. dxc5 Bxc5 7. Be2 Nf6 8.
O-O O-O 9. Nb3 Bb6 10. Bg5 Be6 11. Nbd4 Rc8 12. c3 h6 13. Bh4 g5 14. Bg3 Ne4 15.
Re1 Qf6 16. Nxc6 bxc6 17. Nd4 c5 18. Nxe6 fxe6 19. Bf3 c4 20. Rf1 Nc5 21. Be2
Ne4 22. Bf3 Nc5 23. Qd2 Nd3 24. h3 Kh7 25. Kh2 Bc7 26. b3 Nf4 27. bxc4 dxc4 28.
Qc2+ Kg7 29. Rad1 Rfd8 30. Qa4 Bb6 31. Rd7+ Kh8 32. Rfd1 Rxd7 33. Rxd7 Nd3 34.
Qc2 Rf8 35. Qe2 Qf5 36. Bg4 Qf6 37. Qe4 1-0

[Event "FIDE World Bl Team Pool D"]
[Site "London ENG"]
[Date "2025.06.14"]
[Round "11.1"]
[White "Erigaisi, Arjun"]
[Black "Grischuk, Alexander"]
[Result "1/2-1/2"]
[WhiteTitle "GM"]
[BlackTitle "GM"]
[WhiteElo "2782"]
[BlackElo "2667"]
[WhiteTeam "Team MGD1"]
[BlackTeam "KazChess"]
[WhiteFideId "35009192"]
[BlackFideId "4126025"]
[EventDate "2025.06.14"]
[EventType "team"]

1. d4 d5 2. c4 e6 3. Nf3 Nd7 4. Nc3 Ngf6 5. e3 c6 6. a4 Bd6 7. a5 O-O 8. Be2 a6
9. O-O Re8 10. Qb3 e5 11. cxd5 cxd5 12. Nxd5 Nxd5 13. dxe5 Nxe3 14. Bxe3 Nxe5
15. Rad1 Qe7 16. Nxe5 Qxe5 17. g3 Bh3 18. Rfe1 Qe4 19. Bf1 Bxf1 20. Rxf1 Qb4 21.
Qxb4 Bxb4 22. Bb6 Re5 23. Rd7 Bxa5 24. Bxa5 Rxa5 25. Rxb7 g6 26. Rd1 Rc8 27. Rd2
Rc6 28. Kg2 h5 29. b4 Rf5 30. h4 Kg7 31. Rb2 Re6 32. b5 axb5 33. R7xb5 Ref6 1/2-1/2

[Event "FIDE World Bl Team Pool D"]
[Site "London ENG"]
[Date "2025.06.14"]
[Round "11.2"]
[White "Rapport, Richard"]
[Black "Harikrishna, Pentala"]
[Result "1/2-1/2"]
[WhiteTitle "GM"]
[BlackTitle "GM"]
[WhiteElo "2714"]
[BlackElo "2707"]
[WhiteTeam "KazChess"]
[BlackTeam "Team MGD1"]
[WhiteFideId "738590"]
[BlackFideId "5007003"]
[EventDate "2025.06.14"]
[EventType "team"]

1. e4 e5 2. Nc3 Nf6 3. Bc4 Nxe4 4. Qh5 Nd6 5. Bb3 Be7 6. Qxe5 O-O 7. Nf3 Bf6 8.
Qf4 Re8+ 9. Kd1 Na6 10. d4 b5 11. h4 Bb7 12. Ng5 h6 13. f3 Bxg5 14. hxg5 Qxg5
15. Qxg5 hxg5 16. Bxg5 c5 17. dxc5 Nxc5 18. Bf4 Nxb3 19. axb3 Re6 20. Kd2 a6 21.
Ne2 Nf5 22. Rh5 Rae8 23. Nc1 Ne7 24. b4 Nd5 25. Bg3 Ne3 26. Nd3 Nxg2 27. Rah1 f6
28. Nc5 Re2+ 29. Kc1 Bxf3 30. Rh8+ Kf7 31. Rxe8 Kxe8 32. Rh8+ Kf7 33. Nxd7 Ne3
34. Rc8 Bg4 35. Rc7 Rxc2+ 36. Rxc2 Nxc2 37. Nxf6 Nxb4 38. Nxg4 Ke6 39. Kd2 Kd5
40. Kc3 Nc6 41. Ne3+ Kc5 42. Nf5 b4+ 43. Kd3 g6 44. Nh4 a5 45. Nxg6 a4 46. Bf2+
Kb5 47. Kc2 Kc4 48. Nf4 Na5 49. Ng2 Nb3 50. Ne3+ Kb5 51. Be1 Nd4+ 52. Kd3 Nb3
53. Nc2 Nc1+ 54. Kd2 Nb3+ 55. Ke3 a3 56. bxa3 bxa3 57. Nxa3+ Kc5 58. Kd3 Kd5 59.
Nb5 Nc5+ 60. Ke3 Kc4 61. Nd6+ Kd5 62. Nf5 Ne6 63. Ne7+ Ke5 64. Bc3+ Kd6 65. Ng6
Kd5 66. Bb2 Nc5 67. Nf4+ Kc4 68. Bf6 Nd7 69. Be7 Ne5 70. Ke4 Nc6 71. Bd6 Nb4 72.
Ng6 Nc6 73. Bf8 Kc3 74. Kd5 Nb4+ 75. Ke5 Kc4 76. Ne7 Nd3+ 77. Kd6 Kd4 78. Nd5
Ke4 79. Bg7 Nf4 80. Nxf4 Kxf4 1/2-1/2

[Event "FIDE World Bl Team Pool D"]
[Site "London ENG"]
[Date "2025.06.14"]
[Round "11.3"]
[White "Pranav, V"]
[Black "Esipenko, Andrey"]
[Result "1-0"]
[WhiteTitle "GM"]
[BlackTitle "GM"]
[WhiteElo "2595"]
[BlackElo "2689"]
[WhiteTeam "Team MGD1"]
[BlackTeam "KazChess"]
[WhiteFideId "25060783"]
[BlackFideId "24175439"]
[EventDate "2025.06.14"]
[EventType "team"]

1. e4 e5 2. Nf3 Nf6 3. Nc3 Nc6 4. Bb5 Nd4 5. O-O c6 6. Bd3 Nxf3+ 7. Qxf3 d6 8.
Be2 Bg4 9. Qe3 Qb6 10. Qd3 h5 11. h3 Be6 12. Qf3 Be7 13. d3 h4 14. a4 a5 15. Rb1
d5 16. exd5 Nxd5 17. Ne4 Qd8 18. Re1 Qd7 19. Bf1 f6 20. c3 Rd8 21. d4 exd4 22.
cxd4 O-O 23. Bd2 Nb4 24. Bc3 Qd5 25. Qf4 g5 26. Qf3 Rde8 27. b3 Qf5 28. Qd1 Bd5
29. Nd2 Kg7 30. Nc4 Qc2 31. Qxc2 Nxc2 32. Red1 Bb4 33. Bxb4 axb4 34. Rbc1 Na3
35. Nxa3 bxa3 36. Ra1 Rd8 37. Rxa3 Rd7 38. b4 Rfd8 39. a5 Bf7 40. Rad3 Bg6 41.
R3d2 Be4 42. Bc4 Bd5 43. Be2 Be4 44. f3 Bd5 45. Kf2 Kf7 46. b5 cxb5 47. Bxb5 Rc7
48. Be2 Rc3 49. Ra1 Rd7 50. Rb2 Be6 51. Rd1 Ra3 52. Rb5 Ra2 53. Rc5 Bb3 54. Re1
Rxd4 55. Rc7+ Kg6 56. Rxb7 Ra3 57. a6 Rd2 58. Kg1 Bd5 59. Rd7 Raa2 60. Bf1 Bc6
61. Rxd2 Rxd2 62. Rc1 Rd6 63. a7 Bd5 64. Rd1 1-0

[Event "FIDE World Bl Team Pool D"]
[Site "London ENG"]
[Date "2025.06.14"]
[Round "11.4"]
[White "Ansat, Aldiyar"]
[Black "Mendonca, Leon Luke"]
[Result "0-1"]
[WhiteTitle "IM"]
[BlackTitle "GM"]
[WhiteElo "2489"]
[BlackElo "2603"]
[WhiteTeam "KazChess"]
[BlackTeam "Team MGD1"]
[WhiteFideId "13715658"]
[BlackFideId "35028561"]
[EventDate "2025.06.14"]
[EventType "team"]

1. e4 c6 2. d4 d5 3. Nc3 dxe4 4. Nxe4 Bf5 5. Qf3 Bxe4 6. Qxe4 Nf6 7. Qd3 e6 8.
Nf3 Nbd7 9. Bd2 Be7 10. O-O-O a5 11. Kb1 a4 12. a3 O-O 13. h3 b5 14. Ne5 Qc7 15.
Nxd7 Qxd7 16. Be2 Rfd8 17. Bf3 Rac8 18. Ba5 Re8 19. Rhe1 Rb8 20. c3 Nd5 21. Bb4
Bxb4 22. axb4 Red8 23. h4 Qe7 24. h5 h6 25. Re5 Qf6 26. Bxd5 Rxd5 27. Rxd5 cxd5
28. f3 Qf4 29. g4 Kf8 30. Ka2 Ke7 31. Re1 Kd7 32. Rf1 Kc6 33. Ka3 Kb6 34. Qh7
Qd2 35. f4 Rc8 36. Rb1 Qxf4 37. Qxg7 Qe4 38. Rc1 Qe3 39. Rc2 Qd3 40. Rc1 Qd2 41.
Rb1 Qc2 42. Ka2 Qb3+ 43. Ka1 a3 44. Qh7 Ra8 0-1

[Event "FIDE World Bl Team Pool D"]
[Site "London ENG"]
[Date "2025.06.14"]
[Round "11.5"]
[White "Tsolakidou, Stavroula"]
[Black "Kaliakhmet, Elnaz"]
[Result "1/2-1/2"]
[WhiteTitle "IM"]
[BlackTitle "WFM"]
[WhiteElo "2428"]
[BlackElo "2218"]
[WhiteTeam "Team MGD1"]
[BlackTeam "KazChess"]
[WhiteFideId "4264312"]
[BlackFideId "13730169"]
[EventDate "2025.06.14"]
[EventType "team"]

1. e4 e5 2. Nf3 Nc6 3. Bb5 a6 4. Ba4 Nf6 5. O-O Be7 6. Re1 b5 7. Bb3 O-O 8. c3
d5 9. exd5 Nxd5 10. d3 Bf6 11. a4 Bb7 12. axb5 axb5 13. Rxa8 Bxa8 14. Bc2 b4 15.
Ba4 Qd6 16. Nbd2 Nde7 17. Ne4 Qe6 18. Bb3 Qf5 19. Nxf6+ Qxf6 20. Bg5 Qd6 21.
Bxe7 Qxe7 22. Bd5 bxc3 23. bxc3 Qc5 24. c4 Qd6 25. Bxc6 Qxc6 26. Rxe5 Rd8 27.
Qe2 h6 28. h3 Qd6 29. Re3 Qc6 30. Re7 Rb8 31. Qe1 Qb6 32. Re8+ Kh7 33. Rxb8 Qxb8
34. Ne5 Qe8 35. d4 Qe6 36. d5 Qe7 37. Qe3 g6 38. Nd3 Qa3 39. Qf3 Kg8 40. Qe4 Bb7
41. Kh2 Qd6+ 42. g3 Ba6 43. Qd4 Qa3 44. Nf4 Qa2 45. c5 Qc2 46. d6 cxd6 47. cxd6
Bb5 48. d7 Bxd7 49. Qxd7 Qxf2+ 50. Ng2 h5 51. Qd8+ Kg7 52. Qd5 Kh7 53. Qe5 Kg8
54. Qf4 Qe2 55. Kg1 Qd1+ 56. Qf1 Qd4+ 57. Qf2 Qd1+ 58. Kh2 Kg7 59. Nh4 Qa1 60.
Nf3 Qb1 61. g4 hxg4 62. hxg4 Qb8+ 63. Kg2 Qb7 64. Qd4+ Kg8 65. g5 Qc6 66. Kg3
Qc1 67. Qf4 Qd1 68. Qb8+ Kh7 69. Qc7 Kg8 70. Kf4 Qf1 71. Qd8+ Kh7 72. Qd5 Kg8
73. Qd8+ Kh7 74. Qd5 Kg8 75. Ke5 Qe2+ 76. Kd6 Qa6+ 77. Qc6 Qd3+ 78. Qd5 Qa6+ 79.
Ke5 Qe2+ 80. Qe4 Qb5+ 81. Kf4 Qf1 82. Qe8+ Kg7 83. Qe5+ Kg8 84. Ke3 Qc1+ 85. Kf2
Qc2+ 86. Kg3 Qd3 87. Qf6 Qb3 88. Kg4 Qc4+ 89. Nd4 Qc8+ 90. Kf4 Qc7+ 91. Qe5 Qc1+
92. Ke4 Qe1+ 93. Kf4 Qc1+ 94. Qe3 Qc7+ 95. Kg4 Qd7+ 96. Kg3 Qc7+ 97. Qf4 Qc3+
98. Nf3 Qb3 99. Qf6 Qd3 100. Kg4 Qc4+ 101. Qd4 Qc8+ 102. Kg3 Qc7+ 103. Qe5 Qc1
104. Qf4 Qc3 105. Kg2 Qb2+ 106. Qd2 Qb7 107. Kg3 Qc7+ 108. Kg2 Qb7 109. Qf4 Qb2+
110. Nd2 Qa2 111. Kg3 Qa3+ 112. Qf3 Qd6+ 113. Qf4 Qa3+ 114. Kg2 Qb2 115. Kh3
Qc3+ 116. Nf3 Qa1 117. Nh2 Qc3+ 118. Qg3 Qc8+ 119. Ng4 Qf5 120. Kh4 Qf1 121.
Nf6+ Kg7 122. Qe5 Qf2+ 123. Kg4 Qg2+ 124. Kf4 Qf2+ 125. Ke4 Qe2+ 126. Kd4 Qb2+
127. Kd5 Qb5+ 128. Ke4 Qe2+ 129. Kd5 Qb5+ 130. Kd6 Qb8+ 131. Kd5 Qb5+ 132. Ke4
Qe2+ 133. Kd4 Qb2+ 134. Kd5 Qb5+ 135. Kd4 Qb2+ 136. Ke4 Qe2+ 137. Kf4 Qh2+ 1/2-1/2

[Event "FIDE World Bl Team Pool D"]
[Site "London ENG"]
[Date "2025.06.14"]
[Round "11.6"]
[White "Aiten, Islam"]
[Black "Atharvaa P Tayade"]
[Result "1-0"]
[WhiteElo "1950"]
[BlackElo "1956"]
[WhiteTeam "KazChess"]
[BlackTeam "Team MGD1"]
[WhiteFideId "13749420"]
[BlackFideId "25042955"]
[EventDate "2025.06.14"]
[EventType "team"]

1. d4 Nf6 2. Nc3 d5 3. Bf4 a6 4. e3 c5 5. Nf3 Nc6 6. a3 e6 7. dxc5 Bxc5 8. Bd3
O-O 9. e4 Qb6 10. O-O dxe4 11. Nxe4 Nxe4 12. Bxe4 Rd8 13. Bxh7+ Kh8 14. Bd3 g6
15. Ng5 Kg8 16. Qf3 Qxb2 17. Nxf7 Nd4 18. Nh6+ Kg7 19. Be5+ Kh7 20. Qf7+ 1-0

[Event "FIDE World Bl Team Pool D"]
[Site "London ENG"]
[Date "2025.06.14"]
[Round "11.1"]
[White "Skytte, Rasmus"]
[Black "Grahn, Vidar"]
[Result "1-0"]
[WhiteTitle "IM"]
[BlackTitle "FM"]
[WhiteElo "2367"]
[BlackElo "2239"]
[WhiteTeam "Danish Futures"]
[BlackTeam "Uppsala SSS"]
[WhiteFideId "1404210"]
[BlackFideId "1744780"]
[EventDate "2025.06.14"]
[EventType "team"]

1. e4 c5 2. c3 Nf6 3. e5 Nd5 4. Nf3 e6 5. g3 d6 6. exd6 Bxd6 7. Bg2 Nc6 8. d4
cxd4 9. Nxd4 Nxd4 10. Qxd4 O-O 11. O-O Qc7 12. Nd2 b6 13. Ne4 Be5 14. Qd3 Bb7
15. Re1 Rfd8 16. Qe2 Ne7 17. Bg5 f6 18. Be3 Bd6 19. Rad1 Bd5 20. b3 Nf5 21. c4
Bxe4 22. Bxe4 Rac8 23. Qg4 Bb4 24. Rf1 Qe5 25. Bxf5 exf5 26. Qf3 Qe4 27. Qf4 Bf8
28. h4 Qc2 29. Rxd8 Rxd8 30. Qc7 Rd1 31. Qxa7 Rd6 32. Qa8 Rd7 33. h5 h6 34. Qc6
Re7 35. Qd5+ Kh8 36. Bxb6 Qe2 37. Qd8 Kg8 38. Bc5 Re8 39. Qd5+ Kh7 40. Qxf5+ Kh8
41. Bxf8 Rxf8 42. c5 Qxa2 43. b4 Qc4 44. Qf4 Qb5 45. Rc1 Rc8 46. Qc4 Qe8 47. c6
Qxh5 48. c7 Qe5 49. b5 Qd6 50. Qc5 Qd2 51. b6 h5 52. b7 Re8 53. c8=R 1-0

[Event "FIDE World Bl Team Pool D"]
[Site "London ENG"]
[Date "2025.06.14"]
[Round "11.2"]
[White "Frank, Anton"]
[Black "Kistrup, Nicolai"]
[Result "1-0"]
[WhiteTitle "CM"]
[BlackTitle "IM"]
[WhiteElo "2183"]
[BlackElo "2381"]
[WhiteTeam "Uppsala SSS"]
[BlackTeam "Danish Futures"]
[WhiteFideId "1752383"]
[BlackFideId "1444816"]
[EventDate "2025.06.14"]
[EventType "team"]

1. e4 c5 2. Nf3 d6 3. d4 cxd4 4. Nxd4 Nf6 5. Nc3 a6 6. Bg5 Nbd7 7. Bc4 Qb6 8.
Bb3 e6 9. Qd2 Be7 10. O-O-O Nc5 11. Rhe1 O-O 12. f4 h6 13. Bxf6 Bxf6 14. Kb1 Qc7
15. g4 b5 16. g5 hxg5 17. fxg5 Be5 18. g6 b4 19. Na4 Nxb3 20. gxf7+ Rxf7 21.
axb3 Bd7 22. Qxb4 Rb8 23. Qc3 Qb7 24. Qa5 Rf2 25. Nc3 Rxh2 26. Nf3 Rxc2 27. Kxc2
Qxb3+ 28. Kd3 Bf4 29. Ke2 Qxb2+ 30. Kf1 Rf8 31. Rd3 Bg3 32. Re2 Qc1+ 33. Kg2 Qf4
34. Qg5 Qxg5 1-0

[Event "FIDE World Bl Team Pool D"]
[Site "London ENG"]
[Date "2025.06.14"]
[Round "11.3"]
[White "Nilssen, Ellen Fredericia"]
[Black "Strom-Engdahl, Alexander"]
[Result "1-0"]
[WhiteTitle "WIM"]
[BlackTitle "FM"]
[WhiteElo "2160"]
[BlackElo "2320"]
[WhiteTeam "Danish Futures"]
[BlackTeam "Uppsala SSS"]
[WhiteFideId "1441230"]
[BlackFideId "1741586"]
[EventDate "2025.06.14"]
[EventType "team"]

1. d4 d5 2. c4 c6 3. cxd5 cxd5 4. Nc3 Nf6 5. Nf3 Nc6 6. Bf4 a6 7. e3 e6 8. Bd3
Bd6 9. Bg5 O-O 10. O-O h6 11. Bh4 b5 12. Rc1 Bb7 13. Qe2 Rc8 14. Rfd1 Be7 15. a3
b4 16. axb4 Nxb4 17. Bb1 a5 18. Ne5 Ba6 19. Qd2 Nd7 20. Nxd7 Qxd7 21. Bxe7 Qxe7
22. Na4 g6 23. Nc5 Bb5 24. e4 dxe4 25. Bxe4 Kg7 26. Rc3 e5 27. Rdc1 exd4 28.
Qxd4+ Kh7 29. h4 Rcd8 30. Qe3 Qxh4 31. g3 Qf6 32. Kg2 Na2 33. Rh1 Qg7 34. Ra3
Nb4 35. Rxa5 Bc6 36. Ra7 Bxe4+ 37. Qxe4 Nd5 38. Nd7 Nf6 39. Nxf8+ Rxf8 40. Qe7
Nd5 41. Qe4 Nf6 42. Qd4 h5 43. b4 Rb8 44. Re1 Ng4 45. Qxg7+ Kxg7 46. Rb1 Rb5 47.
Ra5 Rb6 48. b5 Ne5 49. Ra6 Rb7 50. b6 Nc4 51. Rb4 Nd6 52. Ra7 Rb8 53. b7 g5 54.
Rb6 Nc4 55. Ra8 1-0

[Event "FIDE World Bl Team Pool D"]
[Site "London ENG"]
[Date "2025.06.14"]
[Round "11.4"]
[White "Nilsson, Oliver"]
[Black "Skytte, Robert"]
[Result "1-0"]
[BlackTitle "CM"]
[WhiteElo "2129"]
[BlackElo "2015"]
[WhiteTeam "Uppsala SSS"]
[BlackTeam "Danish Futures"]
[WhiteFideId "1730177"]
[BlackFideId "1471775"]
[EventDate "2025.06.14"]
[EventType "team"]

1. e4 c6 2. d4 d5 3. Nc3 dxe4 4. Nxe4 Nf6 5. Nxf6+ exf6 6. Be3 Bd6 7. Bd3 O-O 8.
Ne2 Re8 9. c4 Nd7 10. Qc2 h6 11. O-O Nf8 12. Rad1 Be6 13. Rfe1 Qc7 14. h3 Rad8
15. Nc3 Qc8 16. Be4 Bxh3 17. gxh3 Qxh3 18. f3 f5 19. Bxf5 Qxf3 20. Be4 Qg3+ 21.
Qg2 Qxg2+ 22. Kxg2 Ne6 23. Bf3 Nf4+ 24. Bxf4 Bxf4 25. Rxe8+ Rxe8 26. d5 cxd5 27.
Nxd5 Be5 28. b3 Kf8 29. Bg4 Rd8 30. Re1 f6 31. Bh5 b6 32. Kf3 Rd6 33. Nf4 Ke7
34. Ng6+ Ke6 35. Bg4+ Kf7 36. Nxe5+ fxe5 37. Rxe5 Rd3+ 38. Ke4 Rd2 39. a4 Rb2
40. Rb5 Rb1 41. a5 bxa5 42. Rxa5 Rxb3 43. Rxa7+ 1-0

[Event "FIDE World Bl Team Pool D"]
[Site "London ENG"]
[Date "2025.06.14"]
[Round "11.5"]
[White "Derlich, Sarah Sima"]
[Black "Ostensson, Julia"]
[Result "1-0"]
[WhiteTitle "WCM"]
[WhiteElo "1926"]
[BlackElo "1996"]
[WhiteTeam "Danish Futures"]
[BlackTeam "Uppsala SSS"]
[WhiteFideId "1469290"]
[BlackFideId "1747703"]
[EventDate "2025.06.14"]
[EventType "team"]

1. e4 d6 2. d4 Nf6 3. Nc3 Nbd7 4. Nf3 e5 5. Bc4 Be7 6. O-O c6 7. a4 Qc7 8. Re1
O-O 9. h3 b6 10. Be3 a6 11. b3 Bb7 12. Qd2 b5 13. Bd3 Rfe8 14. Bg5 h6 15. Bh4
Bf8 16. Bg3 Nh5 17. Bh2 b4 18. Nd1 a5 19. Ne3 Qb6 20. Nc4 Qc7 21. Ne3 Nhf6 22.
Nf5 exd4 23. N3xd4 Ne5 24. Qf4 Bc8 25. Nxh6+ Kh8 26. Nhf5 Ng6 27. Qe3 Kg8 28. h4
c5 29. Nb5 Qc6 30. Qf3 Bxf5 31. exf5 Qxf3 32. gxf3 Nxh4 33. Be4 d5 34. Nc7 dxe4
35. Nxe8 Nxf3+ 36. Kf1 Rxe8 37. Re3 Nxh2+ 38. Kg2 Nhg4 39. Re2 Rd8 40. Rh1 Be7
41. Kg3 Rd4 42. f3 exf3 43. Kxf3 Nh6 44. Rxe7 Nxf5 45. Ra7 Nh4+ 46. Ke2 g5 47.
Rxa5 Ne4 48. Ra8+ Kg7 49. Rg1 Rd2+ 50. Ke3 Rxc2 1-0